000 00329nam a2200133Ia 4500
008 230801s9999||||xx |||||||||||||| ||und||
020 _a9780007523528
082 _a813.6
_bG7951
100 _aGreen, John
245 0 _aLooking for Alaska
260 _aLondon
_bHarper Collins Publishers
_c2019
300 _a272 p.
942 _cBK
999 _c27099
_d27099